MARC details
| 000 -LEADER |
| campo de control de longitud fija |
02461nam a2200385 i 4500 |
| 001 - NÚMERO DE CONTROL |
| campo de control |
193323 |
| 003 - IDENTIFICADOR DE NÚMERO DE CONTROL |
| campo de control |
SpMaBN |
| 005 - FECHA Y HORA DE LA ÚLTIMA TRANSACCIÓN |
| campo de control |
20250712063138.0 |
| 007 - CAMPO FIJO DE DESCRIPCIÓN FÍSICA--INFORMACIÓN GENERAL |
| campo de control de longitud fija |
ta |
| 008 - DATOS DE LONGITUD FIJA--INFORMACIÓN GENERAL |
| campo de control de longitud fija |
231102s2022 sp | |||| 000 f spa |
| 017 ## - NÚMERO DE COPYRIGHT O DE DEPÓSITO LEGAL |
| Número de copyright o de depósito legal |
B 3257-2022 |
| Agencia que asigna |
Oficina Depósito Legal Barcelona |
| 020 ## - NÚMERO INTERNACIONAL ESTÁNDAR DEL LIBRO |
| Número Internacional Estándar del Libro |
9788466672023 |
| 035 ## - NÚMERO DE CONTROL DEL SISTEMA |
| Número de control de sistema |
a7125332 |
| 040 ## - FUENTE DE CATALOGACIÓN |
| Centro catalogador/agencia de origen |
SpMaBN |
| Lengua de catalogación |
spa |
| Centro/agencia transcriptor |
SpMaBN |
| Normas de descripción |
rda |
| Centro/agencia modificador |
Es-MaACL |
| 080 ## - NÚMERO DE LA CLASIFICACIÓN DECIMAL UNIVERSAL |
| Número de la Clasificación Decimal Universal |
821.134.2-31"19" |
| 100 1# - ENTRADA PRINCIPAL--NOMBRE DE PERSONA |
| Nombre de persona |
Pérez Henares, Antonio, |
| Fechas asociadas al nombre |
1953- |
| Término indicativo de función/relación |
Autor |
| 9 (RLIN) |
138463 |
| 245 10 - MENCIÓN DEL TÍTULO |
| Título |
Tierra vieja / |
| Mención de responsabilidad, etc. |
Antonio Pérez Henares |
| 250 ## - MENCION DE EDICION |
| Mención de edición |
Primera edición: mayo de 2022 |
| 264 #1 - PRODUCCIÓN, PUBLICACIÓN, DISTRIBUCIÓN, FABRICACIÓN Y COPYRIGHT |
| Producción, publicación, distribución, fabricación y copyright |
[Barcelona] : |
| Nombre del de productor, editor, distribuidor, fabricante |
Ediciones B, |
| Fecha de producción, publicación, distribución, fabricación o copyright |
2022 |
| 300 ## - DESCRIPCIÓN FÍSICA |
| Extensión |
700 páginas ; |
| Dimensiones |
24 cm |
| 336 ## - TIPO DE CONTENIDO |
| Término de tipo de contenido |
Texto |
| Fuente |
rdacontent |
| 337 ## - TIPO DE MEDIO |
| Nombre/término del tipo de medio |
sin mediación |
| Fuente |
rdamedia |
| 338 ## - TIPO DE SOPORTE |
| Nombre/término del tipo de soporte |
volumen |
| Fuente |
rdacarrier |
| 500 ## - NOTA GENERAL |
| Nota general |
Índice |
| 500 ## - NOTA GENERAL |
| Nota general |
Cronología |
| 520 ## - RESUMEN, ETC. |
| Sumario, etc. |
Se han contado los relatos de los reyes, de los nobles, de las batallas y de los grandes guerreros, pero quienes repoblaron la tierra yerma fueron hombres y mujeres que, con una mano en la estiba del arado y con la otra en una lanza, arriesgaron sus vidas por repoblar las tierras perdidas. Entonces, cuando una peligrosa tropa acechaba -y junto a ella la muerte- ellos dibujaron las fronteras que hoy heredamos.<br/><br/>En esta novela, Antonio Pérez Henares nos traslada, gracias a una prosa evocadora y a un exhaustivo rigor histórico a galope entre el siglo XII y el XIII, a las fronteras de la extremadura castellana por las sierras, las alcarrias, el Tajo y el Guadiana.<br/><br/>A través de sus personajes -cristianos y musulmanes, campesinos y pastores, señores y caballeros-, nos muestra la historia de los que sembraban y segaban, de los que levantaron las ermitas e hicieron brotar pasiones, amistades, rencores, pueblos y vivencias. Aquellos que dieron humanidad a la tierra y se convirtieron en la semilla de nuestra nación.<br/><br/>Esto es Tierra vieja y ellos, sus héroes. |
| 655 #7 - TERMINO DE INDIZACIÓN--GENERO/FORMA |
| Datos o término principal de género/forma |
Novelas históricas |
| Fuente del término |
tgfbne |
| 9 (RLIN) |
226782 |
| 852 ## - LOCALIZACIÓN |
| Ubicación |
ES-MaACL |
| itemnumber |
200769 |
| Número de control de estantería |
N-9527 |
| Sublocalización o colección |
R.154744 |
| Ubicación en estantería |
Depósito J |
| Donativo/Legado |
Donación: Antonio Pérez Henares |
| Anotaciones manuscritas |
Dedicatoria autógrafa del autor |
| Encuadernación |
Encuadernación cartoné con sobrecubiertas |
| 903 ## - NOMBRE PERSONAL DE DONANTE |
| a |
Pérez Henares, Antonio, |
| d |
1953- |
| e |
Donante |
| 9 |
138463 |
| 942 ## - ELEMENTOS DE ENTRADA SECUNDARIOS (KOHA) |
| Suprimir en OPAC |
No |
| Tipo de ítem Koha |
Libro impreso |